|
|
|
|
| LEADER |
02053nam a2200529 a 4500 |
| 001 |
nkc20112265604 |
| 003 |
CZ PrNK |
| 005 |
20211213110239.0 |
| 007 |
ta |
| 008 |
120206s2011 xr ach e 000 0dcze |
| 015 |
|
|
|a cnb002265604
|
| 020 |
|
|
|a 978-80-904310-3-4
|q (váz.)
|
| 035 |
|
|
|a (OCoLC)780138651
|
| 040 |
|
|
|a ABA001
|b cze
|
| 043 |
|
|
|a e-xr---
|b e-xr-cc
|a e-gx---
|a e-au---
|2 czenas
|
| 045 |
|
|
|a r-x-
|
| 072 |
|
7 |
|a 666
|x Sklářství. Keramika. Cement
|2 Konspekt
|9 19
|
| 072 |
|
7 |
|a 929
|x Biografie
|2 Konspekt
|9 8
|
| 080 |
|
|
|a 929
|2 MRF
|
| 080 |
|
|
|a 666.1/.2-051
|2 MRF
|
| 080 |
|
|
|a 666.1/.2
|2 MRF
|
| 080 |
|
|
|a 666.1/.2(091)
|2 MRF
|
| 080 |
|
|
|a (437.31-13)
|2 MRF
|
| 080 |
|
|
|a (0:82-322.6)
|2 MRF
|
| 100 |
1 |
|
|a Lněničková, Jitka,
|d 1960-
|7 jo20000067486
|4 aut
|
| 245 |
1 |
0 |
|a Příběhy šumavských sklářů /
|c Jitka Lněničková
|
| 250 |
|
|
|a Vyd. 1.
|
| 260 |
|
|
|a V Plzni :
|b RegionAll,
|c 2011
|
| 300 |
|
|
|a 160 s. :
|b il. (některé barev.), portréty, faksim. ;
|c 23 cm
|
| 504 |
|
|
|a Obsahuje bibliografii
|
| 648 |
|
7 |
|a 14.-20. století
|7 ch757051
|2 czenas
|
| 650 |
0 |
7 |
|a skláři
|7 ph139217
|z Česko
|y 14.-20. století
|2 czenas
|
| 650 |
0 |
7 |
|a sklářství
|7 ph125595
|z Česko
|y 14.-20. století
|2 czenas
|
| 650 |
0 |
7 |
|a dějiny sklářství
|7 ph488971
|z Česko
|y 14.-20. století
|2 czenas
|
| 650 |
0 |
9 |
|a glassworkers
|z Czechia
|y 14th-20th centuries
|2 eczenas
|
| 650 |
0 |
9 |
|a glass manufacture
|z Czechia
|y 14th-20th centuries
|2 eczenas
|
| 650 |
0 |
9 |
|a history of glass manufacture
|z Czechia
|y 14th-20th centuries
|2 eczenas
|
| 651 |
|
7 |
|a Šumava (pohoří)
|7 ge128617
|2 czenas
|
| 651 |
|
9 |
|a Šumava Mountains
|2 eczenas
|
| 655 |
|
7 |
|a biografické příběhy
|7 fd131953
|2 czenas
|
| 655 |
|
9 |
|a biographical stories
|2 eczenas
|
| 856 |
4 |
1 |
|u http://www.digitalniknihovna.cz/mzk/uuid/uuid:bac05ef0-2543-11ee-84ed-005056827e52
|y Digitalizovaný dokument
|x NDK
|
| 910 |
2 |
|
|a BOA001
|b 2-1283.551
|
| 990 |
|
|
|a BK
|
| 995 |
|
|
|a 01
|
| 991 |
|
|
|b 201204
|c NOV
|e n
|
| 996 |
6 |
|
|b 2610507823
|c 2-1283.551
|l MZK
|r Sklad / do 1 hodiny
|n 5
|p p.v.
|w 001237999
|u 000010
|a 1
|e BOA001
|j MZK50
|s P
|